Europa mediterránea

Enregistré dans:
Détails bibliographiques
Format: Livre
Langue:espagnol
Publié: Madrid Debate 1994
Édition:1a. ed
Collection:Tierras y Gentes, 1
Sujets:
Tags: Ajouter un tag
Pas de tags, Soyez le premier à ajouter un tag!

MARC

LEADER 00000cam a2200000 a 4500
001 UCO4055
003 CL-VaPUC
008 000728e19940000SP |||||||||||||||||spa|d
020 |a 8474444519v.1 
082 0 4 |a 914  |b EUR  |2 21 
245 1 0 |a Europa mediterránea 
250 |a 1a. ed 
300 |a v 
942 |c BK 
945 |d 20000728 00:00:00  |a crobeson 
260 |a Madrid  |b Debate  |c 1994 
650 0 |a Geografía  |9 259346 
650 0 |a Población  |9 257577 
650 0 |a Demografía   |9 260008 
650 0 |a Datos estadísticos  |9 329380 
651 0 |a Europa  |9 255156 
651 7 |a MEDITERRANEO  |2 CL-VaPUC  |9 269643 
583 |a last modification  |c 20160617 12:51:55  |k Rodrigo Vera 
490 0 |a Tierras y Gentes, 1 
999 |c 290140  |d 290138 
952 |0 0  |1 0  |4 0  |6 914_000000000000000_EUR_1994  |7 0  |8 A  |9 339402  |a BIBHIS  |b BIBHIS  |d 2019-11-20  |h v.1  |i 1203614  |o 914 EUR 1994  |p 1203614  |r 2025-01-20  |w 2019-11-20  |y BK  |k HIS 
952 |0 0  |1 0  |3 erd  |4 0  |6 914_000000000000000_EUR_1994  |7 0  |8 C  |9 339403  |a BIBCUR  |b BIBCUR  |h v.1  |i 5269830  |o 914 EUR 1994  |p 5269830  |r 2025-04-22  |w 2019-11-20  |y BK  |z Catalogado en:20160623  |k EXP